[Event "Zilina Region-ch"]
[Site "Zilina"]
[Date "2013.05.19"]
[Round "6"]
[White "Semla, Milan"]
[Black "Belak, Stanislav"]
[Result "1-0"]
[WhiteElo "1822"]
[BlackElo "1631"]
[PlyCount "131"]
[EventDate "2013.05.17"]
[EventType "swiss"]
[EventRounds "6"]
[EventCountry "SVK"]
[SourceTitle "CBM 154 Extra"]
[Source "ChessBase"]
[SourceDate "2013.06.25"]
[SourceVersion "2"]
[SourceVersionDate "2013.06.25"]
[SourceQuality "1"]

1. c4 Nf6 2. Nc3 e6 3. Nf3 d5 4. cxd5 exd5 5. d4 Be7 6. g3 0-0 7. Bg2 Nbd7 8. 0-0 Nb6 9. b3 Re8 10. e3 Bg4 11. Qc2 Rc8 12. Ne5 Bh5 13. Bb2 c6 14. Qd2 Bd6 15. Nd3 Nbd7 16. Rac1 Bg6 17. a3 Qe7 18. Rfe1 Ne4 19. Nxe4 Bxe4 20. b4 Nf6 21. Nc5 Bg6 22. Bh3 Rc7 23. Bg2 Qd8 24. Qd1 Rce7 25. Bc3 Ne4 26. Nxe4 Bxe4 27. Bd2 Re6 28. Qb3 h5 29. f3 Bh7 30. b5 Bb8 31. bxc6 bxc6 32. f4 Bf5 33. Bf3 h4 34. g4 Bxg4 35. Bxg4 Rg6 36. h3 f5 37. Qd3 Qc8 38. Kh2 Rxg4 39. hxg4 fxg4 40. Qg6 Rf8 41. Rxc6 Qd7 42. Qe6+ Qxe6 43. Rxe6 Kh7 44. Kg2 g6 45. Rh1 h3+ 46. Kg3 g5 47. Kxg4 gxf4 48. Rxh3+ Kg7 49. exf4 Rg8 50. Rhe3 Rf8 51. Re7+ Kg8 52. Re8 Kf7 53. Rxf8+ Kxf8 54. Re6 Kf7 55. f5 Bc7 56. Bb4 Bb6 57. Bc5 Bxc5 58. dxc5 d4 59. c6 d3 60. Rd6 a5 61. c7 d2 62. c8Q d1N 63. Rxd1 a4 64. Rd6 Ke7 65. Qc7+ Kf8 66. Rd8# 1-0